Archivos Argentinos de Pediatría (Registro nro. 1056)
[ vista simple ]
| 000 -LEADER | |
|---|---|
| fixed length control field | 00899nas a22001817a 4500 |
| 008 - CAMPO DE CONTROL RECURSOS CONTINUADOS | |
| fixed length control field | 120702t19309999ag ||||| |||| 00| 0 spa d |
| 022 ## - INTERNATIONAL STANDARD SERIAL NUMBER | |
| International Standard Serial Number | 03250075 |
| 245 ## - TITULO | |
| Titulo | Archivos Argentinos de Pediatría |
| 260 ## - PUBLICACION, DISTRIBUCION, ETC. (PIE DE IMPRENTA) | |
| Lugar de publicación, distribución, etc | Buenos Aires : |
| Nombre de la editorial, distribuidor, etc. | Sociedad Argentina de Pediatría, |
| Fecha de publicación | 1930 |
| 300 ## - DESCRIPCION FISICA | |
| Extensión | v. |
| 310 ## - FRECUENCIA ACTUAL DE LA PUBLICACION | |
| Frecuencia actual de la publicación | bimestral |
| 546 ## - NOTA DE IDIOMA | |
| Nota de lenguaje | Texto en español |
| 590 ## - NOTAS LOCALES (RLIN) | |
| Nota local | Existencias: 2000 98(1-6); 2001 99(1-6); 2002 100(1-6); 2003 101(1,3-6); 2004 102(1-3,5,6); 2005 103(1-6); 2006 104(1); 2007 105(2,3,5,6); 2008 106(1); 2009 107(3-6); 2010 108(1-4,6); 2015 113(4,5,6); 2016 114(5,6); 2017 115(1,2,4,5); <br/><br/>Año 2000 al 2009 BAJA EN DEPOSITO<br/>BAJA DEPOSITO (CAJA 24 AÑOS: 2008 A 2010) MAYO 2019 |
| 590 ## - NOTAS LOCALES (RLIN) | |
| Nota local | Indizada en: Latindex, Medline, LILACS, SciELO Año 2000 al 2009 EN DEPOSITO |
| 650 ## - MATERIA-TERMINO TEMATICO | |
| Término temático | PEDIATRÍA |
| 9 (RLIN) | 1741 |
| 856 ## - LOCALIZACION ELECTRONICA Y ACCESO | |
| Identificador Uniforme de Recurso (URI) | <a href="http://www.sap.org.ar/publi-archivos-arg.php?menu=item3">http://www.sap.org.ar/publi-archivos-arg.php?menu=item3</a> |
| 942 ## - ADDED ENTRY ELEMENTS (KOHA) | |
| Source of classification or shelving scheme | Dewey Decimal Classification |
| Item type | Continuing Resources |
No hay ítems disponibles.